| 000 | 01800nam a22001817a 4500 | ||
|---|---|---|---|
| 003 | OSt | ||
| 005 | 20260407072158.0 | ||
| 008 | 260407b |||||||| |||| 00| 0 eng d | ||
| 040 |
_aLC _bENG _cLC _dABK _eRDA |
||
| 082 |
_223rd ed. _a348.0496761 _bUGA |
||
| 245 |
_aThe Uganda law reports [2015] 2 U. L. R / _cEdited by Rose Kawesa Nalule |
||
| 260 |
_aKampala : _bLaw development centre ; _cc2015. |
||
| 300 |
_axxvii, 402 pages ; _c24 cm. |
||
| 505 | _aTABLE OF CONTENTS INDEX OF CASES REPORTED. SUBJECT MATTER INDEX INDEX OF LEGISLATION CONSIDERED INDEX OF CASES CITED DIGESTS & JUDGMENTS. ...//..... INDEX OF CASES REPORTED AMOOTI GODFREY NYAKAANA VS NATIONAL ENVIRONMENT MANAGEMENT AUTHORITY AND 6 OTHERS (SC)....... ATTORNEY GENERAL VS GOODMAN AGENCIES LIMITED (SC)..... BUSIKU THOMAS Vs UGANDA (SC)......... CENTRE FOR HEALTH, HUMAN RIGHTS AND DEVELOPMENT AND ANOTHER VS ATTORNEY GENERAL (CC).......... INSPECTOR GENERAL OF GOVERNMENT AND INSPECTORATE OF GOVERNMENT VS ATTORNEY GENERAL AND 2 OTHERS (HC)................... ISMAIL DABULE AND 2 OTHERS VS ATTORNEY GENERAL AND BANK OF UGANDA (SC)... JAMES BAHINGUZA AND OTHERS VS ATTORNEY GENERAL (CA).... KAMBA SALEH VS THE ATTORNEY GENERAL (CC).......... MALE H. KIWANUKA AND ANOTHER VS OWERE FRANCO AND OTHERS (HC).. ....3 MIFUMI (U) LIMITED AND 12 OTHERS VS ATTORNEY GENERAL AND KENNETH KAKURU (SC).... M/S UGANDA SCIENTIFIC RESEARCHERS AND ALLIED WORKERS' UNION VS UGANDA NATIONAL BUREAU OF STANDARDS AND 2 OTHERS (HC)... .....3! THEODORE SSEKIKUBO AND 4 OTHERS V/S ATTORNEY GENERAL AND 4 OTHERS (SC).... TWINOMUGISHA MOSES VS RIFT VALLEY RAILWAYS (U) LIMITED (HC)...... | ||
| 650 |
_aUganda law reports _967647 |
||
| 700 |
_aNalule, Rose Kawesa (ed.) _967670 |
||
| 942 |
_2ddc _cBOOK |
||
| 999 |
_c40170 _d40169 |
||